000 01371nam a2200361 a 4500
001 000115459
003 CHAP
005 20220817044814.0
008 190524s2018 mx a |sm |||||||spa d
010 _a111920
011 _a112892
040 _cCHAP
090 _aTesis
100 1 _aOrtiz Ramos, Alan Jesús.
_9135728
245 1 0 _aSistema de computo para la administración de sitios permanentes e investigación forestal y de suelos de la UMAFOR 1512
_h[En línea]
_cpor Alan Jesús Ortiz Ramos.
260 _aChapingo, Méx. :
_bEl autor,
_c2018.
500 _aPara ver el contenido del material haga clic en la liga
502 _aTesis (Ing. Forestal) -- UACH. División de Ciencias Forestales
590 _aBATCH-UPD
_b05
_c20190524
_lUCH01
_h1130
590 _aE11695DGD
_b10
_c20190524
_lUCH01
_h1201
590 _aE11695DGD
_b10
_c20190524
_lUCH01
_h1202
590 _aE6339RRR
_b05
_c20190524
_lUCH01
_h1049
590 _aE6339RRR
_b05
_c20190524
_lUCH01
_h1050
590 _aE6339RRR
_b05
_c20190524
_lUCH01
_h1051
590 _aE6339RRR
_b05
_c20190524
_lUCH01
_h1130
650 1 4 _aBases de datos
_xServicios de información.
_9134130
650 1 4 _aBosques
_xMétodos estadísticos.
_914340
650 1 4 _aBosques
_xPreservación.
856 _aFinding aid
_uhttp://10.13.5.2/tesis/sist115459.pdf
_zTeclea aquí
901 _aBK
942 _cTESIS
942 _n0
999 _c111920
_d111920